SOURCE BOOK ON HEAT TREATING MATERIALS AND PROCESSES A SELECTION OF OUTSTANDING ARTICLES FROM THE PERIODICAL LITERATURE (Record no. 582064)

000 -LEADER
fixed length control field 00371nam a22001097a 4500
082 ## - DEWEY DECIMAL CLASSIFICATION NUMBER
Classification number 671.36 SOU'A
245 ## - TITLE STATEMENT
Title SOURCE BOOK ON HEAT TREATING MATERIALS AND PROCESSES A SELECTION OF OUTSTANDING ARTICLES FROM THE PERIODICAL LITERATURE
260 ## - PUBLICATION, DISTRIBUTION, ETC.
Place of publication, distribution, etc. USA
Name of publisher, distributor, etc. AMERICAN SOCIETY FOR METALS
Date of publication, distribution, etc. 1975
300 ## - PHYSICAL DESCRIPTION
Extent X, 388P VOL-1
650 ## - SUBJECT ADDED ENTRY--TOPICAL TERM
Topical term or geographic name entry element METALS HEAT TREATMENT
9 (RLIN) 76721
942 ## - ADDED ENTRY ELEMENTS (KOHA)
Koha item type Book
Holdings
Withdrawn status Lost status Damaged status Not for loan Permanent Location Current Location Shelving location Date acquired Total Checkouts Full call number Barcode Date last seen Price effective from Koha item type
        College of Electrical & Mechanical Engineering (CEME) College of Electrical & Mechanical Engineering (CEME) General Stacks 06/01/2017   671.36 SOU'A CEME-10487 06/28/2021 06/28/2021 Book
© 2023 Central Library, National University of Sciences and Technology. All Rights Reserved.